Logo BPK

Biblioteka

Politechniki Koszalińskiej

Historia powszechna ustrojów państwowych / (Rekord nr 41639)

Szczegóły MARC
000 -ETYKIETA REKORDU
podpole kontrolne o stałej długości 00788nam a2200241 i 4500
001 - NUMER KONTROLNY REKORDU
pole kontrolne bg
020 ## - MIĘDZYNARODOWY ZNORMALIZOWANY NUMER KSIĄŻKI - ISBN
ISBN 8372850860
040 ## - ŹRÓDŁO KATALOGOWANIA
Instytucja, która utworzyła rekord BPK
041 0# - KOD JĘZYKA
Kod języka tekstu pl
080 ## - UNIWERSALNA KLASYFIKACJA DZIESIĘTNA - UKD
UKD 321
920 ## - Międzynarodowy znormalizowany numer książki – ISBN
ISBN 83-7285-086-0
008 - POLE O STAŁEJ DŁUGOŚCI - DANE KONTROLNE
podpole kontrolne o stałej długości s pl f |000 0 pol
100 1# - NAZWA OSOBOWA
Nazwa osobowa Gaca, Andrzej
Daty związane z nazwą (1951- ).
245 10 - TYTUŁ/ODPOWIEDZIALNOŚĆ
Tytuł Historia powszechna ustrojów państwowych /
Pozostałe elementy strefy tytułu i oznaczenia odpowiedzialności Andrzej Gaca, Krystyna Kamińska.
260 ## - STREFA ADRESU WYDAWNICZEGO
Miejsce wydania Toruń :
Nazwa wydawcy/dystrybutora TNOiK - Towarzystwo Naukowe Organizacji i Kierownictwa "Dom Organizatora",
Data publikacji, dystrybucji/powstania dokumentu 2002.
300 ## - STREFA OPISU FIZYCZNEGO
Objętość 800 s. ;
Rozmiary 25 cm.
500 ## - UWAGI OGÓLNE
Tekst uwagi Na okł. odwrotna kolejność aut.
504 ## - UWAGA DOTYCZĄCA BIBLIOGRAFII
Informacje o bibliografii Bibliogr.
650 #9 - HASŁO PRZEDMIOTOWE W FORMIE NAZWY OGÓLNEJ LUB JEDNOSTKOWEJ
Nazwa ogólna lub geograficzna Państwo
Określnik ogólny ustrój
-- historia
700 1# - HASŁO DODATKOWE - NAZWA OSOBOWA
Nazwa osobowa Kamińska, Krystyna
Daty związane z nazwą (1946- ).
856 ## - LOKALIZACJA I DOSTĘP DO ELEKTRONICZNYCH DOKUMENTÓW ZDALNYCH
Link (URL) http://koha.tu.koszalin.pl/cgi-bin/koha/opac-detail.pl?biblionumber=41639
Tekst linku Katalog online BPK
942 ## - DODATKOWE ELEMENTY (KOHA)
Typ dokumentu Książka
Egzemplarze
Wycofany Status egzemplarza Uszkodzony Dostępność Lokalizacja stała Lokalizacja bieżąca Miejsce przechowywania Sygnatura Kod kreskowy Dział Typ dokumentu
      Tylko na miejscu Biblioteka Politechniki Koszalińskiej Biblioteka Politechniki Koszalińskiej Czytelnia Wydziałowa ul. Kwiatkowskiego 6e 64185 01763423 32 Nauki polityczne. Polityka Książka
© 2023 Biblioteka Politechniki Koszalińskiej :: KOHA